000 01068nam a2200313 i 4500
001 bg
003 BPK
005 20220512130822.0
008 040630s1975 pl a f f |000 0 pol
015 _aPB 1975/2656
040 _aWA N
_cBPK
041 0 _apol
080 _a51
080 _a(075.8)
100 1 _aŻakowski, Wojciech
_d(1929-1993)
_eAutor
245 1 0 _aMatematyka.
_nCz. 2 /
_cWojciech Żakowski, Witold Kołodziej.
250 _aWyd. 4.
260 _aWarszawa :
_bWydawnictwa Naukowo-Techniczne,
_c1975.
300 _a360 s. :
_bil., tab., wykr. ;
_c24 cm.
490 1 _aPodręczniki Akademickie. Elektronika.
504 _aBibliogr.
650 4 _aMatematyka
_xszkoły wyższe.
655 4 _aPodręczniki akademickie
710 2 _aWydawnictwa Naukowo-Techniczne
_4pbl.
700 1 _aKołodziej, Witold
_eAutor
_d(1930-2011)
856 _uhttp://koha.tu.koszalin.pl/cgi-bin/koha/opac-detail.pl?biblionumber=2924
_yKatalog online BPK
830 0 _aPodręczniki Akademickie.
_pElektronika
942 _2UKD
_cKA
999 _c2924
_d2924